00962 2200325 4500001002100000005001500021035002000036007000300056008004100059020002200100040002200122082001500144084001700159090002200176100002300198245007300221250003400294300004900328650001700377700003200394850001200426504002900438264003500467336002100502337003000523338002300553999002200576990001600598990002200614INLIS00000000089452020250321091633 a0010-0325000601ta250321 2021 yoia g 000 0 ind d a978-602-498-308-6 aYOPDYOGbinderda04223a796.33 a796.33 YUD s aCB-D.11 2021-47920 aYudantoePengarang10aSepak takraw :buntuk pemula /cYudanto; penyunting, Fathan Nurcahyo aCetakan pertama, Oktober 2021 avii, 37 halaman :bilustrasi, gambar ;c23cm 4aSepak Takraw0 aFathan NurcahyoePenyunting aYOPDYOG aBibliografi: halaman 10331aYogyakarta :bUNY Press,c2021 2rdacontentateks 2rdamediaatanpa perantara 2rdacarrieravolume aCB-D.11/2021-4792 a00000733477 aCB-D.11/2021-4792